LEADER 01292nam a2200289 u 4500 001 000000084587 003 CaOOAMICUS 005 20070226124108.0 008 050705s2004 it u000 u ita u 020 $a88-88738-58-4 035 $a11052931 040 $aPUL$bita 100 1 $aDelle Donne, Marcella.$0(OLS)http://pul/name/55727 245 13$aUn cimitero chiamato Mediterraneo :$bper una storie del diritto d'asilo nell'Unione Europea /$cMarcella Delle Donne. 260 $aRoma :$bDeriveApprodi,$c2004. 300 $a200 p. ;$c23 cm 490 1 $aDeriveApprodi ;$v42 504 $aComprende bibliografia. 650 4$aDiritto di asilo.$0(OLS)http://pul/subject/13555 650 4$aEmigrazione e immigrazione.$0(OLS)http://pul/subject/12698 830 0$aDeriveApprodi ;$v42.$0(OLS)http://pul/title/109999 850 $aPUL 852 $aPUL$W1$xSL Diritto e Scienze Sociali 3$y79$m341. 4 Delma 1$j107549$nBK-PRI$b $qDDC 21$B107549$CPULBib$Z2$F107549 $HPUL99152 $81 941 1 $a9 996 $6020$a88-88738-58-4$9(OLS)http://pul/number/112075 996 $6245$aUn cimitero chiamato Mediterraneo :$bper una storie del diritto d'asilo nell'Unione Europea$9(OLS)http://pul/title/109998 996 $6260$aRoma :$bDeriveApprodi$9(OLS)http://pul/publisher/76826 LEADER 01212nam a2200289 a 4500 001 000000145206 003 CaOOAMICUS 005 20150723125145.0 008 150723s1952 it u000 u ita r 040 $aPUL$bita 041 1 $aita$hfre 100 1 $aGelin, Albert,$d1902-1960.$0(OLS)http://pul/name/7248 240 10$aIdées maîtresses de l'Ancien Testament.$lItaliano.$0(OLS)http://pul/title/183634 245 13$aLe idee dominanti del Vecchio Testamento /$cAlbert Gelin ; versione del sac. dott. Giovanni Castoldi. 250 $a2. ed. 260 $aRoma :$bPaoline,$c1952. 300 $a140 p. ;$c21 cm 490 1 $aCollana biblica ;$v07 630 04$aBiblia.$pV.T.$xCritica e interpretazione.$0(OLS)http://pul/subject/3062 700 1 $aCastoldi, Giovanni.$0(OLS)http://pul/name/55031 830 0$aCollana biblica (Paoline).$0(OLS)http://pul/title/183636 850 $aPUL 852 $aPUL$W1$xDP1 Fondo S. Lanza$y121$m3 L 28$j167876$qFondi$B168435$CPULBib$Z2$F168435 $HLan1996 $82 941 1 $a1 996 $6245$aLe idee dominanti del Vecchio Testamento$9(OLS)http://pul/title/183635 996 $6260$aRoma :$bPaoline$9(OLS)http://pul/publisher/50842